000 00822nam a2200241 u 4500
001 61495
005 20180714063138.0
008 141006s2009 mx r 000 0 spa d
020 _a978-607-7744-64-1
082 0 _a364.177
_bMAI
100 1 _aMaihold, Günter,
_eeditor
245 1 3 _aEl narcotráfico y su combate :
_bsus efectos sobre las relaiones internacionales /
_cGünter Maihold.
250 _aPrimera edición
264 1 _aMéxico :
_bKonrad Adenauer Stiftung,
_c2014
300 _a299 páginas ; :
_b21 cm.
336 _atexto
_2rdacontent
337 _asin mediación
_2rdamedia
338 _avolumen
_2rdacarrier
650 0 _aNarcotrafico
_zAmérica Latina
650 0 _aCriminología
_xInternacional
650 0 _aPolítica mundial
_zAmérica Latina
700 1 _aJost, Stefan,
_eeditor
999 _c61495
_d61495